000 00725nmc a2200277 a 4500
003 AR-BaBNM
005 20251128204119.0
008 227019s1985 ||||||||||||||000 | spa||
020 _a950-03-0215-2
040 _cAR-BaBNM
100 1 _aGuido, Beatriz
245 1 0 _aEl incendio y las vísperas
_b17 de octubre de 1952 - 15 de abril de 1953
250 _a17ª ed.
260 _aBuenos Aires
_bLosada
_c1985
300 0 _a188 p.
490 0 _aBiblioteca clásica y contemporánea
650 4 _aLITERATURA ARGENTINA
650 4 _aESCRITORES
650 4 _aNOVELAS
650 4 _aBURGUESIA
650 4 _aLITERATURA CONTEMPORANEA
653 0 _aPERONISMO
655 _aLITERATURA
942 _cBK
998 _cMARTIN
999 _c6226
_d6226